| 000 | 00414 a2200133 4500 | ||
|---|---|---|---|
| 001 | ART_11658 | ||
| 005 | 20260410161859.0 | ||
| 008 | 260409a | ||
| 245 | 1 | 0 | _aPartial equilibrium approach to the free-rider problem |
| 100 | 1 | _aGreen, Jerry R. | |
| 700 | 1 | _aKohlberg, Elon | |
| 700 | 1 | _aLaffont, Jean-Jacques | |
| 773 | 0 |
_tJournal of public economics _g- Vol. 6, NÂș 4 (nov. 1976) _wREV11485 |
|
| 999 |
_c25709 _d25709 |
||